MARC

LEADER 00000nab a2200000 a 4500
001 vtls000103931
003 SK-MaSNL
005 20260303022430.0
008 150430c1981 xo 0 slo
015 |a SNBRB19rr/mm-uuuuu 
035 |a CL0114034 
040 |a SNKBUCL  |b slo  |c SNKBUCL  |e AACR2 
041 0 |a slo 
044 |a xo  |c SK 
080 |a 885.4 (497.1)-3(087.5)  |2 1981 
080 |a 886  |2 1981 
100 1 |a Papugová, Anna  |4 aut  |9 755189 
245 1 0 |a O dvoch mačkách  |c Anna Papugová ; Božena Augustínová 
500 |a V rubrike Čo čítajú deti v časopise Pionier. 
650 0 7 |a rozprávky autorské  |2 snkbucl  |9 315429 
650 0 7 |a literatúra pre deti a mládež  |2 snkbucl  |9 21893 
650 0 7 |a literatúra slovenská  |z Juhoslávia  |2 snkbucl  |9 844238 
655 7 |a články z novín a časopisov  |2 snkbucl  |9 267496 
655 7 |a články z odboru literárna veda a krásna literatúra  |2 snkbucl  |9 770045 
700 1 |a Augustínová, Božena,  |d 1939-2005  |4 gup  |9 85469 
773 0 |t Zornička  |g Roč. 34, č. 5 (1981), s. 13 
850 |a Slovenská národná knižnica v Martine  |a MTA001 
852 |a SNK  |b KIS3GCP 
958 |a RK 
958 |a LX 
958 |a SK 
992 |a RBX 
999 |c 1628817  |d 1630747